| 000 | 00609nam a2200229 a 4500 | ||
|---|---|---|---|
| 999 |
_c7160 _d7160 |
||
| 001 | 7160 | ||
| 003 | UkOxU | ||
| 005 | 20180224173552.0 | ||
| 008 | 860101s1956 nyua 001 0 eng d | ||
| 035 | _a(BD-JhCC) 7160 | ||
| 040 |
_aDLC _cIAU _dNRC _dUKM _dEQO |
||
| 041 | _aeng | ||
| 050 | 0 |
_aLB1051 _b.L67 |
|
| 082 |
_a370.15 _bLIN 1956 |
||
| 100 | 1 | _aLindgren, Henry Clay, | |
| 245 | 1 | 0 |
_aEducational psychology in the classroom / _cHenry Clay Lindgren, |
| 260 |
_aNew York : _bWiley, _c[1956] |
||
| 300 |
_a521 p. _billus. _c25 cm |
||
| 650 | 0 | _aEducational psychology | |
| 942 |
_2ddc _cBK |
||